The myth and ritual school : J.G. Frazer and the Cambridge ritualists

Αποθηκεύτηκε σε:
Λεπτομέρειες βιβλιογραφικής εγγραφής
Κύριος συγγραφέας: Ackerman, Robert 1935-
Μορφή: Βιβλίο
Γλώσσα:English
Δημοσίευση: New York : Routledge, 2002
Σειρά:Theorists of myth
Θέματα:
Ετικέτες: Προσθήκη ετικέτας
Δεν υπάρχουν, Καταχωρήστε ετικέτα πρώτοι!

MARC

LEADER 00000nam a2200000 i 4500
001 1/86206
008 080523s2002 eng d
020 |a 0-415-93963-1 
035 |l 10097604 
040 |a GR-MY-UA  |b gre  |e aacr 
041 0 |a eng 
082 0 |a 801.950904  |2 (22) 
100 1 |a Ackerman, Robert  |d 1935- 
245 1 4 |a The myth and ritual school :  |b J.G. Frazer and the Cambridge ritualists /  |c Robert Ackerman 
260 |a New York :   |b Routledge,   |c 2002 
300 |a xv, 234 σ.;  |c 23 εκ.  
490 1 |a Theorists of myth 
504 |a Βιβλιογραφία: σ. 223-230 
504 |a Ευρετήριο: σ. 231-234 
650 0 0 |a Myth and ritual school  |z England  |z Cambridge  |x History. 
650 0 0 |a Classical philology  |x Study and teaching  |z England  |z Cambridge  |x History. 
650 0 0 |a Literature and anthropology  |z England  |z Cambridge  |x History. 
650 0 0 |a Mythology, Classical  |x Historiography. 
650 0 0 |a Ritual  |x Historiography. 
651 0 |a Cambridge (England)  |x Intellectual life. 
830 0 |a Theorists of myth 
852 |a INST  |b LESVOS  |e 20080523  |h 801.950904 ACK  |p 005100042551  |q 005100042551  |t BK  |y 0 
901 |a BIBL1-2008-2 
909 |a Λ  |b 144020 
922 |a 1ΕΛΗ  |b 200801  |c ΕΠΕΑΕΚ2/ΤΚΑ  |d ΠΑΠΑΣΩΤΗΡΙΟΥ 
970 |a ΧΑΤΖΗΜΙΧΑΗΛ  |b ΜΑΡΙΑ  |z 2008/05/23